Statistiques concernant Clic A quelle maison appartiennent ces souverains anglais ?

Cliquez ici pour prendre le quiz!

Statistiques générales

  • Ce quiz a été pris 7 fois
  • Le résultat moyen est 14 sur 44

Statistiques - réponses

HintRéponse% Correct
Jacques IIStuart
83%
Elisabeth 1èreTudor
83%
Edouard IIIPlantagenêts
67%
Jacques 1erStuart
67%
Marie 1èreTudor
67%
Henri IVLancastre
50%
Guillaume IINormandie
50%
Guillaume 1erNormandie
50%
JeanPlantagenêts
50%
Charles 1erStuart
50%
AnneStuart
50%
Henri VIITudor
50%
Henri VIIITudor
50%
EtienneBlois
33%
KnutJelling
33%
SvenJelling
33%
Henri IIIPlantagenêts
33%
Charles IIStuart
33%
Guillaume IIIStuart
33%
Edouard le MartyrWessex
33%
AethelstanWessex
33%
EedwigWessex
33%
Edouard VYork
33%
HaroldGodwin
17%
HaroldJelling
17%
HardeknutJelling
17%
Henri VLancastre
17%
Henri 1erNormandie
17%
Richard IIPlantagenêts
17%
Richard 1erPlantagenêts
17%
Edouard IIPlantagenêts
17%
Edouard 1erPlantagenêts
17%
Henri IIPlantagenêts
17%
Marie IIStuart
17%
EdmondWessex
17%
EadredWessex
17%
AethelredWessex
17%
Edouard le ConfesseurWessex
17%
EdgarWessex
17%
EdmondWessex
17%
Richard IIIYork
17%
Edouard IVYork
17%
Henri VILancastre
0%
Edouard VITudor
0%

Distribution des résultats

Percentile par nombre de réponses

% des personnes avec chaque résultat

Votre développement - résultats

Vous n’avez pas pris ce quiz